| 000 -LEADER |
| fixed length control field |
00520nam a22001697a 4500 |
| 008 - FIXED-LENGTH DATA ELEMENTS--GENERAL INFORMATION |
| fixed length control field |
151006b xxu||||| |||| 00| 0 eng d |
| 020 ## - INTERNATIONAL STANDARD BOOK NUMBER |
| International Standard Book Number |
3800941147 |
| 041 0# - LANGUAGE CODE |
| Language code of text/sound track or separate title |
ger |
| 080 ## - UNIVERSAL DECIMAL CLASSIFICATION NUMBER |
| Universal Decimal Classification number |
004.89 |
| 245 00 - TITLE STATEMENT |
| Title |
Wissensbasierte Systeme in der Praxis: |
| Statement of responsibility, etc |
Klaus Winkelmann. |
| 260 ## - |
| -- |
Berlin und Munchen: |
| -- |
Herausgeber und verlag; |
| -- |
1991. |
| 300 ## - |
| -- |
211 f.: |
| -- |
me il.; |
| -- |
24 cm. |
| 650 #0 - |
| -- |
Sistemet |
| 650 #0 - |
| -- |
Njohuri bazë |
| 650 #0 - |
| -- |
Praktikë |
| 942 ## - ADDED ENTRY ELEMENTS (KOHA) |
| Source of classification or shelving scheme |
|
| Item type |
Books |